Beyond the community : social process in Europe
Αποθηκεύτηκε σε:
| Άλλοι συγγραφείς: | , |
|---|---|
| Μορφή: | Βιβλίο |
| Γλώσσα: | English |
| Δημοσίευση: |
Hague :
Published for the European-Mediterranean Study Group of the University of Amsterdam by the Department of Educational Science of the Netherlands,
1975
|
| Θέματα: | |
| Ετικέτες: |
Προσθήκη ετικέτας
Δεν υπάρχουν, Καταχωρήστε ετικέτα πρώτοι!
|
MARC
| LEADER | 00000cam a2200000 i 4500 | ||
|---|---|---|---|
| 001 | 1/13176 | ||
| 008 | 980210s1975 eng d | ||
| 020 | |a 90-12-00833-6 | ||
| 035 | |l 10018936 | ||
| 040 | |a GR-MY-UA |b gre |e aacr | ||
| 041 | 0 | |a eng | |
| 082 | 0 | |a 307.094 | |
| 245 | 1 | 0 | |a Beyond the community : |b social process in Europe / |c Edited by Jeremy Boissevain and John Friedl |
| 260 | |a Hague : |b Published for the European-Mediterranean Study Group of the University of Amsterdam by the Department of Educational Science of the Netherlands, |c 1975 | ||
| 300 | |a 184 p.; |c 24 cm | ||
| 504 | |a Includes bibliographical references | ||
| 650 | 0 | 0 | |a Community. |
| 650 | 0 | 0 | |a Villages |z Europe |x Case studies. |
| 650 | 0 | 0 | |a Political participation |z Europe |x Case studies. |
| 650 | 0 | 0 | |a Speeches, addresses, etc. |
| 651 | 0 | |a Europe |x Politics and government. | |
| 700 | 1 | |a Boissevain, Jeremy. |4 edt | |
| 700 | 1 | |a Friedl, John. |4 edt | |
| 852 | |a INST |b LESVOS |e 19980210 |h 307.094 BEY |p 005100015225 |q 005100015225 |t BK |y 0 | ||
| 909 | |a Λ |b 035006 | ||